Búcsú az öreg malomtól

Elmentve itt :
Bibliográfiai részletek
Szerző: Majoros Tibor
Dokumentumtípus: Cikk
Megjelent: 1974-04-09
Sorozat:Délmagyarország 64 No. 82
Kulcsszavak:Kistelek, Helytörténet Kistelek, Élelmiszeripar malom Kistelek
Online Access:http://dmarchiv.bibl.u-szeged.hu/83496
LEADER 00494nab a2200157 i 4500
001 delm83496
005 20190415142847.0
008 190415s1974 hu o 0|| hun d
040 |a SZTE Délmagyarország Archívum  |b hun 
041 |a hun 
100 1 |a Majoros Tibor 
245 1 0 |a Búcsú az öreg malomtól  |h [elektronikus dokumentum] /  |c  Majoros Tibor 
260 |c 1974-04-09 
300 |a 4 
490 0 |a Délmagyarország  |v 64 No. 82 
695 |a Kistelek, Helytörténet Kistelek, Élelmiszeripar malom Kistelek